<?xml version="1.0" encoding="UTF-8"?>
<collection xmlns="http://www.loc.gov/MARC21/slim">
 <record>
  <leader>01535nab a2200229 i 4500</leader>
  <controlfield tag="001">acta12693</controlfield>
  <controlfield tag="005">20220614140113.0</controlfield>
  <controlfield tag="008">161015s2002    hu      o     0||   eng d</controlfield>
  <datafield tag="022" ind1=" " ind2=" ">
   <subfield code="a">0324-721X</subfield>
  </datafield>
  <datafield tag="040" ind1=" " ind2=" ">
   <subfield code="a">SZTE Egyetemi Kiadványok Repozitórium</subfield>
   <subfield code="b">hun</subfield>
  </datafield>
  <datafield tag="041" ind1=" " ind2=" ">
   <subfield code="a">eng</subfield>
  </datafield>
  <datafield tag="100" ind1="1" ind2=" ">
   <subfield code="a">Havasi Ferenc</subfield>
  </datafield>
  <datafield tag="245" ind1="1" ind2="0">
   <subfield code="a">XML semantics extension</subfield>
   <subfield code="h">[elektronikus dokumentum] /</subfield>
   <subfield code="c"> Havasi Ferenc</subfield>
  </datafield>
  <datafield tag="260" ind1=" " ind2=" ">
   <subfield code="c">2002</subfield>
  </datafield>
  <datafield tag="300" ind1=" " ind2=" ">
   <subfield code="a">509-528</subfield>
  </datafield>
  <datafield tag="490" ind1="0" ind2=" ">
   <subfield code="a">Acta cybernetica</subfield>
   <subfield code="v">15 No. 4</subfield>
  </datafield>
  <datafield tag="520" ind1="3" ind2=" ">
   <subfield code="a">Nowadays one of the best standards for storing structured data is XML. The key idea behind our paper is based on a relationship between XML documents and attribute grammars. This parallel makes it possible to apply techniques of attribute grammars (semantics rules) to the XML environment. We present a new method for extending XML. After a background discussion we formally introduce a way of defining real XML attributes using semantics rules. This allows us to incorporate semantics rules into XML files in such a way that it does not violate the original XML specification and is suitable for compressing using learning. After learning an associated semantics rule file preserves the relationship between attributes.</subfield>
  </datafield>
  <datafield tag="650" ind1=" " ind2="4">
   <subfield code="a">Természettudományok</subfield>
  </datafield>
  <datafield tag="650" ind1=" " ind2="4">
   <subfield code="a">Számítás- és információtudomány</subfield>
  </datafield>
  <datafield tag="695" ind1=" " ind2=" ">
   <subfield code="a">Számítástechnika, Kibernetika</subfield>
  </datafield>
  <datafield tag="710" ind1=" " ind2=" ">
   <subfield code="a">Finno-Ugoric Symposium on Programming Languages and Software Tools (7.) (2001) (Szeged)</subfield>
  </datafield>
  <datafield tag="856" ind1="4" ind2="0">
   <subfield code="u">http://acta.bibl.u-szeged.hu/12693/1/cybernetica_015_numb_004_509-528.pdf</subfield>
   <subfield code="z">Dokumentum-elérés </subfield>
  </datafield>
 </record>
</collection>
